Physical intelligence : the science of how the body and the mind guide each other through life

Bibliographic Details
Main Author: Grafton, Scott
Format: Book
Published: New York : Pantheon Books , 2020
Subjects:

MARC

LEADER 00000cam a2200000 7i4500
001 0000086395
005 20210215.0
008 210215
020 |a 9781524747329 
041 0 |a English 
090 0 0 |a 153   |b GRA 
100 1 |a Grafton, Scott 
245 1 0 |a Physical intelligence :   |b the science of how the body and the mind guide each other through life   |c Scott Grafton 
260 |a New York :   |b Pantheon Books ,   |c 2020 
300 |a 263 p. ;   |c 21.5 cm. 
541 0 0 |c Purchased on 2020   |f S200062 RIMA   |h RM89.90 
650 0 |a Intellect 
650 0 |a Mind and body 
650 0 |a Thought and thinking 
999 |a 0001651918   |b Book   |c Adult Collection   |e Cawangan Muar 
999 |a 0001651919   |b Book   |c Adult Collection   |e Cawangan Mersing 
999 |a 0001651920   |b Book   |c Adult Collection   |e Cawangan Tangkak 
999 |a 0001651921   |b Book   |c Adult Collection   |e Cawangan Batu Pahat 
999 |a 0001651923   |b Book   |c Adult Collection   |e Cawangan Tmn. Ungku Tun Aminah 
999 |a 0001651924   |b Book   |c Adult Collection   |e Cawangan Kota Tinggi 
999 |a 0001651925   |b Book   |c Adult Collection   |e Cawangan Bukit Gambir 
999 |a 0001651927   |b Book   |c Adult Collection   |e Cawangan Pontian 
999 |a 0001651928   |b Book   |c Adult Collection   |e Cawangan Bandar Tenggara 
999 |a 0001651929   |b Book   |c Adult Collection   |e Cawangan Bandar Penawar 
999 |a 0001651930   |b Book   |c Adult Collection   |e Cawangan Segamat 
999 |a 0001651931   |b Book   |c Adult Collection   |e Cawangan Taman Sri Lambak 
999 |a 0001652552   |b Book   |c Adult Collection   |e Perbadanan Perpustakaan Awam Johor 
999 |a 0001652553   |b Book   |c Adult Collection   |e Cawangan Urban Transformation Centre 
999 |a 0001652554   |b Book   |c Adult Collection   |e Cawangan AEON Kulaijaya